000 00450nam a2200181Ia 4500
005 20250326125940.0
008 250326s9999 xx 000 0 und d
037 _aTextbook
040 _aFMSL
_beng
_cFMSL
041 _aeng
_2eng
084 _aX:51 N8
_qFMSL
100 _aHa M
_9736905
245 0 _aMarket segmentation
_cHa M
260 _aNY
_bNY, AMA
_c1968
300 _a28p
942 _cTB
_hX:51 N8
999 _c1280299
_d1280299